Gerodorm

Bibliographic Details
Main Author: Cigánková, Lea (Author)
Format: Article
Language:Slovak
PhysicalDescription:Obr. 2
Subjects:

MARC

LEADER 00000nab a2200000 a 4500
001 vtls000546900
003 SK-MaSNL
005 20260304084409.0
008 250425c1995 xo 0 slo
015 |a SNBRB19rr/mm-uuuuu 
035 |a CL0547038 
035 |a urn:nbn:sk:snk-abdy5 
035 |a (urnnbn)urn:nbn:sk:snk:ar-a06cid 
035 |a (uuid)5fe8fa00-d5bf-42dc-a63a-db7ef9be8b75 
040 |a SNKBUCL  |b slo  |c SNKBUCL  |e AACR2 
041 0 |a slo 
044 |a xo  |c SK 
080 |a 615.214  |2 1981 
080 |a 616.8-009.836  |2 1981 
100 1 |a Cigánková, Lea  |4 aut  |9 1376740 
245 1 0 |a Gerodorm  |c Lea Cigánková 
300 |b Obr. 2 
650 0 7 |a cinolazepam  |2 snkbucl  |9 1376741 
650 0 7 |a Gerodorm (liek)  |2 snkbucl  |9 1376742 
655 7 |a články z novín a časopisov  |2 snkbucl  |9 267496 
773 0 |t Revue profesionálnej sestry  |g Roč. 2, č. 2 (1995), s. 4 
850 |a Slovenská národná knižnica 
852 |a Slovenská národná knižnica 
958 |a article27 
958 |a OND 
958 |a RK 
958 |a MI 
958 |a EUIPO 
992 |a RBX 
999 |c 2803239  |d 2805169